000 00839cam a2200253 4500
001 J117997
008 020516n1935 000 0 eng u
035 _a(Sirsi) u117997
050 _a692.209421
110 _aLondon County Council
_91711
245 _aReinforced concrete regulations. London County Council (General Powers) Acts 1909 and 1926. Reinforced concrete construction
260 _aLondon
_bLCC
_c1935
300 _a1p.
_c33cm.
350 _a1d.
490 _v2524
650 _aBUILDING REGULATIONS
_96224
650 _aLONDON BUILDING ACTS
650 _aLONDON COUNTY COUNCIL (GENERAL POWERS) ACT 1909
650 _aLONDON COUNTY COUNCIL (GENERAL POWERS) ACT 1926
650 _aREINFORCED CONCRETE
650 _aREINFORCED CONCRETE REGULATIONS
690 _aBUILT ENVIRONMENT-BUILDING STANDARDS
942 _n0
999 _c102074
_d102074